Pavel Vrba : básník na pěti linkách /

Hlavní autor: Vrbová, Marie
Další autoři: Černá, Jana, Sluková-Marková, Věra
Jazyk: Čeština
Vydáno: [Praha] : Slovart, 2014
Vydání: Vyd. 1.
Témata:
Fyzický popis: 326 s. : il., portréty, faksim. ; 24 cm + 1 CD
Knihy
Uloženo v:
LEADER 02006nam a2200577 a 4500
001 nkc20142638326
003 CZ PrNK
005 20150109135828.0
007 ta
008 141113s2014 xr ach e 000 0bcze
015 |a cnb002638326 
020 |a 978-80-7391-869-9  |q (váz.) 
035 |a (OCoLC)900137135 
040 |a OLA001  |b cze 
043 |a e-xr--- 
045 |a x3y1 
072 7 |a 82  |x Literatura. Literární život  |2 Konspekt  |9 11 
072 7 |a 929  |x Biografie  |2 Konspekt  |9 8 
080 |a 82-192-051  |2 MRF 
080 |a 929  |2 MRF 
080 |a (437.3)  |2 MRF 
080 |a (0:82-94)  |2 MRF 
080 |a (047.53)  |2 MRF 
080 |a (0:82-192)  |2 MRF 
100 1 |a Vrbová, Marie  |7 ola2014848311  |4 aut 
245 1 0 |a Pavel Vrba :  |b básník na pěti linkách /  |c Marie Vrbová, Jana Černá, Věra Sluková-Marková 
246 3 0 |a Básník na pěti linkách Pavel Vrba 
250 |a Vyd. 1. 
260 |a [Praha] :  |b Slovart,  |c 2014 
300 |a 326 s. :  |b il., portréty, faksim. ;  |c 24 cm +  |e 1 CD 
504 |a Obsahuje bibliografii 
600 1 7 |a Vrba, Pavel,  |d 1938-2011  |7 jk01150980  |2 czenas 
648 4 |a 1938-2011 
648 7 |a 20.-21. století  |7 ch462155  |2 czenas 
650 0 7 |a textaři  |7 ph126620  |z Česko  |y 20.-21. stol.  |2 czenas 
650 0 7 |a textaři  |7 ph126620  |x přátelé a spolupracovníci  |2 czenas 
650 0 9 |a lyricists  |z Czechia  |y 20th-21st centuries  |2 eczenas 
650 0 9 |a lyricists  |x friends and associates  |2 eczenas 
655 7 |a vzpomínky  |7 fd133830  |2 czenas 
655 7 |a rozhovory  |7 fd133303  |2 czenas 
655 7 |a písňové texty  |7 fd133190  |2 czenas 
655 9 |a pattern books  |2 eczenas 
655 9 |a interviews  |2 eczenas 
655 9 |a song texts  |2 eczenas 
700 1 |a Černá, Jana  |7 osa2014846348  |4 aut 
700 1 |a Sluková-Marková, Věra  |7 ola2014848370  |4 aut 
910 2 |a BOA001  |b 2-1337.384 
990 |a BK 
995 |a 01 
991 |b 201412  |c NOV  |e n 
996 6 |b 2610613456  |c 2-1337.384  |l MZK  |r Sklad / do 1 hodiny  |n 0  |p p.v.  |w 001474582  |u 000010  |a 1  |e BOA001  |j MZK50  |s P